| 000 | 00426nam a22001697a 4500 | ||
|---|---|---|---|
| 003 | CEME | ||
| 005 | 20210628210736.0 | ||
| 008 | 210212b xxu||||| |||| 00| 0 eng d | ||
| 020 | _a0-19-859695-2 | ||
| 040 | _c. | ||
| 082 | _a515.35 HEU | ||
| 245 | _aHeun's differential equations | ||
| 260 |
_aOXFORD _bOXFORD UNIVERSITY PRESS _c1995 |
||
| 300 | _aXXIII,354P | ||
| 650 |
_aDIFFERENTIAL EQUATIONS _9688 |
||
| 942 |
_cBK _2ddc |
||
| 999 |
_c585671 _d585671 |
||